| 000 | 00915nam a2200229 4500 | ||
|---|---|---|---|
| 005 | 20240129151248.0 | ||
| 010 | _aENG-139073 | ||
| 020 |
_c350.00 _a9789355322623 |
||
| 035 | _aEN-122605 | ||
| 037 | _bDBAD/PUB | ||
| 082 |
_a363.7 _22 |
||
| 100 |
_aPrakash, Om _961397 |
||
| 245 |
_aCTET/TET: _bEnvironment Studies And Pedagogy (For Class I-V)/ _cBy Om Prakash; Bimla Prakash and Sunita |
||
| 250 | _a2 | ||
| 260 |
_aChennai _bMcGraw Hill Education _c2023 |
||
| 270 |
_aAnjana Complex No: 5/90A, Butt Road, St. Thomas Mount, _bChennai _e600016 |
||
| 300 |
_aVarious pages _c24.5cm(pbk) |
||
| 500 | _aSubject- Wise Comprehensive Series Based on The Latest Examination Pattern * Includes Two Full-Length Mock Test Papers. * Includes Chapter- Wise Pedagogical Questions. | ||
| 700 |
_a Prakash, Bimla _eAuthor _961395 |
||
| 700 |
_aSunita _eAuthor _961396 |
||
| 942 |
_2ddc _cEN _h363.7 _mPRA _e2 |
||
| 999 |
_c200434 _d200434 |
||